00915 2200313 4500001002100000005001500021035002000036007000300056008004100059020002200100040002200122090002200144100003700166245008900203250002500292300002500317700003000342850001200372504002900384264003400413336002100447337003000468338002300498999002200521082001200543084001400555650001000569990002200579INLIS00000000089332020250211101206 a0010-0225000402ta250211s2024 yoi g ind d a978-623-10-5447-0 aYOPDYOGbinderda aCB-D.11 2024-49001 aKhoirudin, A. d 1992-ePengarang10aMenjaga lisan dan tulisan dalam pergaulan /cA. Khoirudin; penyunting, Taufani Wahyu aCetakan pertama 2024 a127 halaman ;c20 cm0 aTaufani WahyuePenyunting aYOPDYOG aBibliografi: halaman 12531aBantul :bSilda Impika,c2024 2rdacontentateks 2rdamediaatanpa perantara 2rdacarrieravolume aCB-D.11/2024-490004223a170 a170 KHO m 4aEtika aCB-D.11/2024-4900